000 01062nam a2200229Ia 4500
001 Para_9861
008 220602s9999 xx 000 0 und d
090 _aPA CD-TESIS 7
100 _aHernández Vite, Cristóbal
_954739
245 _aEntomopatógenos y su efecto en la sobrevivencia de adultos del picudo de agave (Scyphophorus acupunctatus) / Cristóbal Hernández Vite; Director Ariel Guzmán Franco
260 _aChapingo, Méx.: el autor
300 _a1 CD ROM (49 p.)
502 _aTesis (Ing. Agr. Esp. en Parasitología Agrícola). UACh.Departamento Parasitología Agrícola
650 _aScyphophorus acupunctatus \ Agave tequilana \ Agave - plagas \ Agave - control Biológico
_9185078
700 _aAriel Guzmán Franco, director \ González Hernández, Héctor, asesor \ Solís Aguilar, Juan Fernando, asesor
_9185079
710 _aUACh Departamento Parasitología Agrícola Ì
_9185036
901 _aPA CD-TESIS 7
902 _aM
905 _a5232202010 an 8000000000 06
942 _c2
999 _c217246
_d217246